<?xml version="1.0" encoding="UTF-8"?>
<record
    xmlns:xsi="http://www.w3.org/2001/XMLSchema-instance"
    xsi:schemaLocation="http://www.loc.gov/MARC21/slim http://www.loc.gov/standards/marcxml/schema/MARC21slim.xsd"
    xmlns="http://www.loc.gov/MARC21/slim">

  <leader>01334nam a22002177a 4500</leader>
  <datafield tag="999" ind1=" " ind2=" ">
    <subfield code="c">62895</subfield>
    <subfield code="d">62895</subfield>
  </datafield>
  <controlfield tag="003">Ge_BSU</controlfield>
  <controlfield tag="005">20250317124018.0</controlfield>
  <controlfield tag="008">250317s1998    ge ||||| |||| 00| 0 geo d</controlfield>
  <datafield tag="020" ind1=" " ind2=" ">
    <subfield code="a">9992852178 </subfield>
  </datafield>
  <datafield tag="041" ind1=" " ind2=" ">
    <subfield code="a">geo</subfield>
  </datafield>
  <datafield tag="080" ind1=" " ind2=" ">
    <subfield code="a">616.1/4(075.8) &#x10E8;-66</subfield>
  </datafield>
  <datafield tag="245" ind1=" " ind2=" ">
    <subfield code="a">&#x10E8;&#x10D8;&#x10DC;&#x10D0;&#x10D2;&#x10D0;&#x10DC;&#x10D8; &#x10E1;&#x10DC;&#x10D4;&#x10E3;&#x10DA;&#x10D4;&#x10D1;&#x10D4;&#x10D1;&#x10D8; : </subfield>
    <subfield code="b">[&#x10E1;&#x10D0;&#x10EE;&#x10D4;&#x10DA;&#x10DB;&#x10EB;&#x10E6;&#x10D5;. &#x10E1;&#x10D0;&#x10DB;&#x10D4;&#x10D3;. &#x10E3;&#x10DC;-&#x10E2;&#x10D8;&#x10E1;&#x10D0; &#x10D3;&#x10D0; &#x10E1;&#x10D0;&#x10DB;&#x10D4;&#x10D3;. &#x10D8;&#x10DC;-&#x10E2;&#x10D4;&#x10D1;&#x10D8;&#x10E1; &#x10E1;&#x10E2;&#x10E3;&#x10D3;. /</subfield>
    <subfield code="c">&#x10D0;&#x10D5;&#x10E2;.: &#x10DC;. &#x10E2;&#x10D0;&#x10E2;&#x10D8;&#x10E8;&#x10D5;&#x10D8;&#x10DA;&#x10D8;, &#x10D2;. &#x10E1;&#x10D8;&#x10DB;&#x10DD;&#x10DC;&#x10D8;&#x10D0;, &#x10D8;. &#x10D0;&#x10DC;&#x10D3;&#x10E0;&#x10DD;&#x10DC;&#x10D8;&#x10D9;&#x10D0;&#x10E8;&#x10D5;&#x10D8;&#x10DA;&#x10D8; &#x10D3;&#x10D0; &#x10E1;&#x10EE;&#x10D5;.]; &#x10DB;&#x10D7;. &#x10E0;&#x10D4;&#x10D3;.: &#x10DC;. &#x10E2;&#x10D0;&#x10E2;&#x10D8;&#x10E8;&#x10D5;&#x10D8;&#x10DA;&#x10D8;, &#x10E0;&#x10D4;&#x10D3;.: &#x10D2;. &#x10E1;&#x10D8;&#x10DB;&#x10DD;&#x10DC;&#x10D8;&#x10D0;; &#x10E1;&#x10D0;&#x10E5;. &#x10EF;&#x10D0;&#x10DC;&#x10DB;&#x10E0;&#x10D7;. &#x10D3;&#x10D0;&#x10EA;&#x10D5;&#x10D8;&#x10E1; &#x10E1;&#x10D0;&#x10DB;&#x10D8;&#x10DC;., &#x10D7;&#x10D1;&#x10D8;&#x10DA;. &#x10E1;&#x10D0;&#x10EE;&#x10D4;&#x10DA;&#x10DB;&#x10EC;. &#x10E1;&#x10D0;&#x10DB;&#x10D4;&#x10D3;. &#x10E3;&#x10DC;-&#x10E2;&#x10D8;.</subfield>
  </datafield>
  <datafield tag="250" ind1=" " ind2=" ">
    <subfield code="a">[I-&#x10DA;&#x10D8; &#x10D2;&#x10D0;&#x10DB;&#x10DD;&#x10EA;.].</subfield>
  </datafield>
  <datafield tag="264" ind1=" " ind2=" ">
    <subfield code="a">&#x10D7;&#x10D1;. : </subfield>
    <subfield code="b">&#x10D1;&#x10D0;&#x10D9;&#x10E3;&#x10E0; &#x10E1;&#x10E3;&#x10DA;&#x10D0;&#x10D9;&#x10D0;&#x10E3;&#x10E0;&#x10D8;&#x10E1; &#x10D2;&#x10D0;&#x10DB;-&#x10D1;&#x10D0;, </subfield>
    <subfield code="c">1998.</subfield>
  </datafield>
  <datafield tag="300" ind1=" " ind2=" ">
    <subfield code="a">783 &#x10D2;&#x10D5;. ; </subfield>
    <subfield code="b">28 &#x10E1;&#x10DB;.</subfield>
  </datafield>
  <datafield tag="653" ind1=" " ind2=" ">
    <subfield code="a">&#x10E8;&#x10D8;&#x10DC;&#x10D0;&#x10D2;&#x10D0;&#x10DC;&#x10D8; &#x10D3;&#x10D0;&#x10D0;&#x10D5;&#x10D0;&#x10D3;&#x10D4;&#x10D1;&#x10D4;&#x10D1;&#x10D8;</subfield>
  </datafield>
  <datafield tag="653" ind1=" " ind2=" ">
    <subfield code="a">&#x10DB;&#x10D4;&#x10D3;&#x10D8;&#x10EA;&#x10D8;&#x10DC;&#x10D0;</subfield>
  </datafield>
  <datafield tag="700" ind1=" " ind2=" ">
    <subfield code="a">&#x10E2;&#x10D0;&#x10E2;&#x10D8;&#x10E8;&#x10D5;&#x10D8;&#x10DA;&#x10D8;, &#x10DC;&#x10E3;&#x10D2;&#x10D6;&#x10D0;&#x10E0;</subfield>
    <subfield code="e">&#x10D0;&#x10D5;&#x10E2;&#x10DD;&#x10E0;&#x10D8;</subfield>
    <subfield code="9">3227</subfield>
  </datafield>
  <datafield tag="700" ind1=" " ind2=" ">
    <subfield code="a">&#x10E1;&#x10D8;&#x10DB;&#x10DD;&#x10DC;&#x10D8;&#x10D0;, &#x10D2;.,</subfield>
    <subfield code="e">&#x10E0;&#x10D4;&#x10D3;&#x10D0;&#x10E5;&#x10E2;&#x10DD;&#x10E0;&#x10D8;</subfield>
    <subfield code="9">3229</subfield>
  </datafield>
  <datafield tag="942" ind1=" " ind2=" ">
    <subfield code="2">udc</subfield>
    <subfield code="c">&#x1CAC;&#x1C98;&#x1C92;&#x1C9C;&#x1C98;</subfield>
  </datafield>
  <datafield tag="952" ind1=" " ind2=" ">
    <subfield code="0">0</subfield>
    <subfield code="1">0</subfield>
    <subfield code="2">udc</subfield>
    <subfield code="4">0</subfield>
    <subfield code="6">616140758_&#x10E8;66</subfield>
    <subfield code="7">0</subfield>
    <subfield code="9">102324</subfield>
    <subfield code="a">CPL</subfield>
    <subfield code="b">CPL</subfield>
    <subfield code="c">GEN</subfield>
    <subfield code="d">2025-03-17</subfield>
    <subfield code="g">30.00</subfield>
    <subfield code="o">616.1/4(075.8) &#x10E8;-66</subfield>
    <subfield code="p">70850</subfield>
    <subfield code="r">2025-03-17</subfield>
    <subfield code="t">70850</subfield>
    <subfield code="w">2025-03-17</subfield>
    <subfield code="y">&#x1CAC;&#x1C98;&#x1C92;&#x1C9C;&#x1C98;</subfield>
    <subfield code="z">30 &#x10DA;.</subfield>
  </datafield>
  <datafield tag="952" ind1=" " ind2=" ">
    <subfield code="0">0</subfield>
    <subfield code="1">0</subfield>
    <subfield code="2">udc</subfield>
    <subfield code="4">0</subfield>
    <subfield code="6">616140758_&#x10E8;66</subfield>
    <subfield code="7">0</subfield>
    <subfield code="9">102343</subfield>
    <subfield code="a">CPL</subfield>
    <subfield code="b">CPL</subfield>
    <subfield code="c">GEN</subfield>
    <subfield code="d">2025-03-18</subfield>
    <subfield code="g">45.00</subfield>
    <subfield code="o">616.1/4(075.8) &#x10E8;-66</subfield>
    <subfield code="p">70876</subfield>
    <subfield code="r">2025-03-18</subfield>
    <subfield code="t">70876</subfield>
    <subfield code="w">2025-03-18</subfield>
    <subfield code="y">&#x1CAC;&#x1C98;&#x1C92;&#x1C9C;&#x1C98;</subfield>
    <subfield code="z">45.00</subfield>
  </datafield>
</record>
